Hermeneutical realism and scientific observation p.77-87 (Record no. 123531)
[ view plain ]
| 000 -LEADER | |
|---|---|
| fixed length control field | 00512nam a22001337a 4500 |
| 008 - FIXED-LENGTH DATA ELEMENTS--GENERAL INFORMATION | |
| fixed length control field | 151020b xxu||||| |||| 00| 0 eng d |
| 050 ## - LIBRARY OF CONGRESS CALL NUMBER | |
| Classification number | SPCH4.P963 1982 |
| 100 ## - MAIN ENTRY--PERSONAL NAME | |
| Personal name | Heelan, Patrick A. |
| 9 (RLIN) | 20308 |
| 245 ## - TITLE STATEMENT | |
| Title | Hermeneutical realism and scientific observation p.77-87 |
| Statement of responsibility, etc | Patrick A. Heelan |
| 260 ## - PUBLICATION, DISTRIBUTION, ETC. (IMPRINT) | |
| Place of publication, distribution, etc | Michigan |
| Name of publisher, distributor, etc | Philosophy of science association |
| Date of publication, distribution, etc | 1982 |
| 300 ## - PHYSICAL DESCRIPTION | |
| Extent | xxvi, 414p. ; |
| Dimensions | 23cm. |
| 440 ## - SERIES STATEMENT/ADDED ENTRY--TITLE | |
| Title | Proceedings of the 1982 Biennial meeting of the philosophy of science association |
| Volume number/sequential designation | 1 |
| 9 (RLIN) | 20309 |
| 942 ## - ADDED ENTRY ELEMENTS (KOHA) | |
| Source of classification or shelving scheme | Library of Congress Classification |
| Item type | SPC |
| Withdrawn status | Lost status | Source of classification or shelving scheme | Damaged status | Not for loan | Collection code | Home library | Current library | Shelving location | Date acquired | Total Checkouts | Full call number | Barcode | Date last seen | Price effective from | Koha item type |
|---|---|---|---|---|---|---|---|---|---|---|---|---|---|---|---|
| Library of Congress Classification | SPECIAL Collection | ARRUPE LIBRARY | ARRUPE LIBRARY | Main Collection | 20/10/2015 | SPCH4.P963 1982 | 46500005203 | 20/10/2015 | 20/10/2015 | SPC |